000 00276nam a2200109 a 4500
005 20201002053258.0
008 180411s2015 000 spa d
020 _a9789945595067
245 0 _aCiencias de la naturaleza 3 :.
260 _aSanto Domigo,
_c2015.
999 _c46491
_d46491
040 _aDO-SdBNP